|
|
|
|
| LEADER |
00805nam a2200193 i 4500 |
| 003 |
GR-PaULI |
| 005 |
20240927063345.0 |
| 008 |
210503q1919 gr ||||| |000|p gre|| |
| 952 |
|
|
|0 0
|1 0
|2 ddc
|4 0
|6 889_120000000000000_ΠΑΛ
|7 0
|9 354167
|a LISP
|b LISP
|c DON
|d 2022-01-12
|e ΧΡΙ
|i 254043
|l 0
|o 889.12 ΠΑΛ
|p 025000289170
|r 2022-01-12 00:00:00
|t 1
|w 2022-01-12
|y BKN
|
| 999 |
|
|
|c 207655
|d 207655
|
| 040 |
|
|
|b gre
|a GR-PaULI
|c GR-PaULI
|e AACR2
|
| 082 |
|
|
|2 23
|a 889.12
|
| 100 |
1 |
|
|a Παλαμάς, Κωστής,
|d 1859-1943
|e συγγραφέας
|9 7408
|
| 245 |
1 |
3 |
|a Τα παράκαιρα :
|b μ' ένα πρόλογο /
|c Κωστή Παλαμά.
|
| 250 |
|
|
|a Β΄ έκδ.
|
| 260 |
|
|
|a Αθήναι :
|b Ι. Ν. Σιδέρης,
|c [1919;].
|
| 300 |
|
|
|a ιγ΄, 159 σ. ;
|c 21 εκ.
|
| 942 |
|
|
|2 ddc
|c BK
|
| 998 |
|
|
|c ΓΚΟΓΚΟΥ
|d 2022-01
|